| 000 | 00596nam a22001697a 4500 | ||
|---|---|---|---|
| 003 | NUST | ||
| 038 | _aNusrat Nadeem | ||
| 082 | _a200 | ||
| 100 |
_aAsif, Maheen _9125387 |
||
| 245 |
_aExploring the Role of Social Media Travel Influencers on Gen Z's Tourist Satisfaction: A Study Among Twin City University Students/ _cMaheen Asif, |
||
| 264 |
_aIslamabad; _bS3H NUST; _c2024. |
||
| 300 |
_a75,p; _bill; _c30,cm. |
||
| 650 |
_aMS- Mass Communication _9114380 |
||
| 700 |
_aSupervisor: Dr. Ume Laila _9120249 |
||
| 856 | _uhttp://10.250.8.41:8080/xmlui/handle/123456789/45931 | ||
| 942 |
_2ddc _cSC |
||
| 999 |
_c611140 _d611140 |
||